[Event "Copenhagen Bronshoj-ch"]
[Site "Copenhagen"]
[Date "2013.05.02"]
[Round "6"]
[White "Kirknel, Thomas"]
[Black "Kryger, Oksana"]
[Result "0-1"]
[WhiteElo "2160"]
[BlackElo "2136"]
[PlyCount "90"]
[EventDate "2013.02.28"]
[EventType "tourn"]
[EventRounds "9"]
[EventCountry "DEN"]
[SourceTitle "EXT 2016"]
[Source "ChessBase"]
[SourceDate "2015.10.08"]
[SourceVersion "1"]
[SourceVersionDate "2015.10.08"]
[SourceQuality "1"]

1. e4 e6 2. d4 d5 3. Nc3 Nf6 4. Bg5 Be7 5. e5 Nfd7 6. Bxe7 Qxe7 7. f4 a6 8. Qg4 f5 9. Qh5+ g6 10. Qh6 c5 11. Nf3 Nc6 12. 0-0-0 cxd4 13. Nxd4 Nc5 14. Nxc6 bxc6 15. g4 fxg4 16. Be2 a5 17. Bxg4 Ba6 18. h4 0-0-0 19. h5 Rhg8 20. Rd4 gxh5 21. Qxh5 Rg7 22. f5 exf5 23. Qxf5+ Kb7 24. Rf4 Nd7 25. Be2 Bxe2 26. Nxe2 Qxe5 27. Qxe5 Nxe5 28. Nd4 Rdg8 29. Rff1 Kb6 30. b3 Ng4 31. Kb2 h6 32. a4 Rg5 33. Ne6 Re5 34. Nf4 Rgg5 35. Nd3 Ref5 36. Re1 Rf6 37. Re8 Nf2 38. Nxf2 Rxf2 39. Rxh6 Rgg2 40. Rb8+ Kc5 41. Kb1 Rxc2 42. Rc8 Kb4 43. Rb8+ Ka3 44. Rh1 Rb2+ 45. Kc1 Ka2 0-1

[Event "Copenhagen Bronshoj op"]
[Site "Copenhagen"]
[Date "2013.02.10"]
[Round "4"]
[White "Kirknel, Thomas"]
[Black "Jacobsen, Mikkel Manosri"]
[Result "1-0"]
[WhiteElo "2160"]
[BlackElo "1836"]
[PlyCount "61"]
[EventDate "2013.02.08"]
[EventType "swiss"]
[EventRounds "7"]
[EventCountry "DEN"]
[SourceTitle "CBM 152 Extra"]
[Source "ChessBase"]
[SourceDate "2013.02.25"]
[SourceVersion "1"]
[SourceVersionDate "2013.02.25"]
[SourceQuality "1"]

1. e4 c6 2. Nf3 d5 3. Nc3 dxe4 4. Nxe4 Bf5 5. Ng3 Bg6 6. h4 h6 7. Ne5 Bh7 8. Qh5 g6 9. Qf3 Nf6 10. Qb3 Nd5 11. Qxb7 Nc7 12. Nxc6 Nxc6 13. Qxc6+ Qd7 14. Qxd7+ Kxd7 15. Bc4 f5 16. d4 Rc8 17. Bf4 Bg7 18. 0-0-0 Rhd8 19. Rhe1 Ke8 20. d5 Kf8 21. d6 exd6 22. Bxd6+ Rxd6 23. Rxd6 Ne8 24. Rde6 Rxc4 25. Rxe8+ Kf7 26. R8e7+ Kf8 27. Rxa7 f4 28. Rd1 Rc8 29. Rdd7 g5 30. Rf7+ Ke8 31. Rxg7 1-0

[Event "Copenhagen Obro New Year op"]
[Site "Copenhagen"]
[Date "2012.12.28"]
[Round "3"]
[White "Kirknel, Thomas"]
[Black "Zachariassen, Bjarne"]
[Result "1-0"]
[WhiteElo "2177"]
[BlackElo "1956"]
[PlyCount "104"]
[EventDate "2012.12.27"]
[EventType "swiss"]
[EventRounds "7"]
[EventCountry "DEN"]
[SourceTitle "CBM 152 Extra"]
[Source "ChessBase"]
[SourceDate "2013.02.25"]
[SourceVersion "1"]
[SourceVersionDate "2013.02.25"]
[SourceQuality "1"]

1. e4 c5 2. Nf3 Nc6 3. d4 cxd4 4. Nxd4 e5 5. Nb5 a6 6. Nd6+ Bxd6 7. Qxd6 Qf6 8. Qd1 Qg6 9. Nc3 Nge7 10. Be3 d5 11. exd5 Nb4 12. Bd3 Nxd3+ 13. Qxd3 Qxd3 14. cxd3 b5 15. d6 Nf5 16. Bc5 Bb7 17. 0-0 Rc8 18. b4 Nxd6 19. Rfe1 Kd7 20. Rxe5 Rhe8 21. Rae1 f6 22. R5e2 Rxe2 23. Rxe2 Re8 24. Bxd6 Rxe2 25. Nxe2 Kxd6 26. f4 g5 27. Kf2 Kd5 28. Ke3 Ke6 29. Nd4+ Kd5 30. Nb3 Bc8 31. g3 Bf5 32. a3 gxf4+ 33. gxf4 Bc8 34. Nc5 f5 35. Nb3 Bd7 36. Nd4 Bc8 37. Ne2 Be6 38. Nc3+ Kd6 39. Kd4 Bb3 40. Ne2 Be6 41. Ng3 Bd7 42. Nh5 Be8 43. Nf6 Bg6 44. h4 Ke6 45. Nd5 Kd6 46. Ne3 h6 47. Kc3 Ke6 48. Nc2 Kd5 49. Nd4 Kd6 50. Nb3 Kc6 51. Kd4 Be8 52. Ke5 Bd7 1-0

[Event "Copenhagen Bronshoj Efteraar-A"]
[Site "Copenhagen"]
[Date "2012.11.15"]
[Round "3"]
[White "Kirknel, Thomas"]
[Black "Nielsen, John Holm"]
[Result "1-0"]
[WhiteElo "2199"]
[BlackElo "2027"]
[PlyCount "133"]
[EventDate "2012.10.11"]
[EventType "tourn"]
[EventRounds "5"]
[EventCountry "DEN"]
[SourceTitle "EXT 2016"]
[Source "ChessBase"]
[SourceDate "2015.10.08"]
[SourceVersion "1"]
[SourceVersionDate "2015.10.08"]
[SourceQuality "1"]

1. e4 e5 2. Nf3 Nc6 3. Bb5 a6 4. Ba4 Nf6 5. 0-0 Be7 6. Nc3 b5 7. Bb3 d6 8. a4 b4 9. Nd5 0-0 10. d4 Bg4 11. dxe5 dxe5 12. Be3 Na5 13. Ba2 Nxd5 14. Qxd5 Qxd5 15. Bxd5 c6 16. Ba2 Bxf3 17. gxf3 Rab8 18. Rad1 b3 19. cxb3 Nxb3 20. Rd7 Bf6 21. Bxb3 Rxb3 22. Rc1 Rc8 23. Ra7 h6 24. Rxa6 Rxb2 25. Rcxc6 Rb1+ 26. Kg2 Rd8 27. Rd6 Rxd6 28. Rxd6 Ra1 29. Ra6 Be7 30. Ra8+ Kh7 31. a5 Bb4 32. a6 Bc3 33. f4 exf4 34. Bxf4 Bd4 35. Rd8 Bc5 36. Rd5 Bb6 37. Rd7 Ra2 38. Bg3 Kg8 39. Rd6 Bc5 40. Rc6 Bd4 41. Kf3 f6 42. Kg4 g6 43. f4 Kf7 44. f5 gxf5+ 45. exf5 Be3 46. Kf3 Bg1 47. Ke4 Ra5 48. Bc7 Ra4+ 49. Kd3 h5 50. Kc3 Bd4+ 51. Kb3 Ra1 52. Kc4 Bg1 53. Bb6 Rc1+ 54. Kd5 Rd1+ 55. Ke4 Re1+ 56. Kf3 Bxh2 57. a7 Re8 58. Bc7 Bg1 59. Bb8 Bxa7 60. Bxa7 Kg7 61. Bd4 Rf8 62. Kg3 Rf7 63. Kh4 Rf8 64. Kxh5 Rh8+ 65. Kg4 Rf8 66. Rxf6 Rxf6 67. Kg5 1-0

[Event "Copenhagen Bronshoj-chA"]
[Site "Copenhagen"]
[Date "2012.05.10"]
[Round "8"]
[White "Petersen, Steen"]
[Black "Kirknel, Thomas"]
[Result "1-0"]
[WhiteElo "2147"]
[BlackElo "2174"]
[PlyCount "63"]
[EventDate "2012.03.01"]
[EventType "tourn"]
[EventRounds "9"]
[EventCountry "DEN"]
[SourceTitle "EXT 2016"]
[Source "ChessBase"]
[SourceDate "2015.10.08"]
[SourceVersion "1"]
[SourceVersionDate "2015.10.08"]
[SourceQuality "1"]

1. c4 c5 2. g3 Nc6 3. Bg2 Nf6 4. Nc3 d6 5. e4 e5 6. Nge2 Be7 7. d3 0-0 8. 0-0 a6 9. h3 h6 10. g4 Rb8 11. Ng3 Nd4 12. Nf5 b5 13. f4 Bxf5 14. exf5 exf4 15. Rxf4 Nd7 16. b3 Bf6 17. Nd5 Nf3+ 18. Rxf3 Bxa1 19. Bxh6 Bd4+ 20. Be3 Ne5 21. Bxd4 Nxf3+ 22. Qxf3 cxd4 23. f6 Re8 24. Qf4 Re1+ 25. Kf2 Re6 26. g5 bxc4 27. fxg7 Qa5 28. Be4 Qxa2+ 29. Kg3 Rxb3 30. Qf5 Rxe4 31. Nf6+ Kxg7 32. Qh7+ 1-0

[Event "Copenhagen Bronshoj-chA"]
[Site "Copenhagen"]
[Date "2012.04.26"]
[Round "6"]
[White "Nielsen, Klaus"]
[Black "Kirknel, Thomas"]
[Result "0-1"]
[WhiteElo "2078"]
[BlackElo "2174"]
[PlyCount "146"]
[EventDate "2012.03.01"]
[EventType "tourn"]
[EventRounds "9"]
[EventCountry "DEN"]
[SourceTitle "EXT 2016"]
[Source "ChessBase"]
[SourceDate "2015.10.08"]
[SourceVersion "1"]
[SourceVersionDate "2015.10.08"]
[SourceQuality "1"]

1. d4 Nf6 2. Nf3 e6 3. e3 c5 4. Bd3 d5 5. b3 cxd4 6. exd4 Nc6 7. 0-0 Bd6 8. Bb2 Qc7 9. a3 0-0 10. Qe2 b6 11. Nbd2 Bb7 12. Ne5 Rac8 13. f4 Rfd8 14. Rac1 Bf8 15. Ndf3 Ne4 16. Bxe4 dxe4 17. Ng5 Nxe5 18. fxe5 Rd7 19. Nxe4 Qc6 20. Rf4 b5 21. c3 Qd5 22. Rg4 Kh8 23. c4 bxc4 24. bxc4 Qa5 25. c5 Bxe4 26. Rxe4 Rb7 27. Rc2 Qa4 28. h3 Qc6 29. Rf4 Rcb8 30. Kh2 Kg8 31. Rf3 g6 32. h4 h5 33. Bc1 Be7 34. Qf2 Bd8 35. Kh3 Qe4 36. Rf4 Qc6 37. Rb2 Ba5 38. Rxb7 Rxb7 39. Qc2 Qd5 40. Kh2 Rb3 41. Qf2 Rb7 42. Bd2 Bd8 43. Bb4 f5 44. Qf3 Qxf3 45. Rxf3 Bxh4 46. c6 Rc7 47. Rc3 Kf7 48. Bd6 Rc8 49. c7 Ke8 50. Rb3 Kd7 51. Rb7 a5 52. g3 Bg5 53. Kg2 Be3 54. Rb5 Bxd4 55. Rxa5 Bb6 56. Ra6 Bxc7 57. a4 Bxd6 58. Rxd6+ Ke7 59. a5 Rc5 60. a6 Rxe5 61. Rb6 Ra5 62. Rb7+ Kf6 63. a7 e5 64. Kf3 Kg5 65. Rg7 Ra3+ 66. Kf2 f4 67. gxf4+ exf4 68. Rf7 Kg4 69. Rg7 Ra2+ 70. Kf1 g5 71. Rb7 Kg3 72. Rg7 g4 73. Rb7 f3 0-1

[Event "Copenhagen Bronshoj-chA"]
[Site "Copenhagen"]
[Date "2012.03.29"]
[Round "4"]
[White "Stojanovski, Sandi"]
[Black "Kirknel, Thomas"]
[Result "1/2-1/2"]
[WhiteElo "2211"]
[BlackElo "2174"]
[PlyCount "131"]
[EventDate "2012.03.01"]
[EventType "tourn"]
[EventRounds "9"]
[EventCountry "DEN"]
[SourceTitle "EXT 2016"]
[Source "ChessBase"]
[SourceDate "2015.10.08"]
[SourceVersion "1"]
[SourceVersionDate "2015.10.08"]
[SourceQuality "1"]

1. d4 Nf6 2. c4 e6 3. Nc3 Bb4 4. e3 b6 5. Nge2 Bb7 6. a3 Bd6 7. Ng3 h5 8. f3 c5 9. d5 Be5 10. dxe6 Bxc3+ 11. bxc3 dxe6 12. Qxd8+ Kxd8 13. h4 Nc6 14. e4 Kc7 15. Be2 Ba6 16. Bf4+ e5 17. Bg5 Ne8 18. Nf5 f6 19. Bc1 Na5 20. f4 Nb3 21. Rb1 Nxc1 22. Rxc1 exf4 23. 0-0 g5 24. e5 fxe5 25. Bf3 Rd8 26. hxg5 Nd6 27. Nxd6 Rxd6 28. Rfe1 Re6 29. Bd5 Re7 30. Kf2 Bc8 31. g6 Rg7 32. Rxe5 Rxg6 33. Re7+ Bd7 34. Rce1 h4 35. Rf7 h3 36. gxh3 Rxh3 37. Ree7 Rd6 38. Rxf4 Rxc3 39. Rg7 Rxa3 40. Rff7 a5 41. Ke2 b5 42. Rf8 bxc4 43. Bxc4 Rd4 44. Bb5 Rb3 45. Bxd7 Rxd7 46. Rxd7+ Kxd7 47. Ra8 Ra3 48. Ra6 Kc7 49. Kd2 Kb7 50. Rh6 Rb3 51. Kc2 Rb6 52. Rh5 Kc6 53. Kc3 a4 54. Rh4 Rb3+ 55. Kc2 Kb5 56. Rh8 Rb4 57. Kc3 Rb3+ 58. Kc2 Rg3 59. Kb2 Rd3 60. Rb8+ Kc4 61. Ra8 Rb3+ 62. Kc2 Rb4 63. Ra7 Kd5 64. Kc3 Rh4 65. Rd7+ Ke4 66. Kc4 1/2-1/2

[Event "Copenhagen Bronshoj-chA"]
[Site "Copenhagen"]
[Date "2012.03.08"]
[Round "2"]
[White "Fredericia, Louise Winther"]
[Black "Kirknel, Thomas"]
[Result "1/2-1/2"]
[WhiteElo "2118"]
[BlackElo "2174"]
[PlyCount "100"]
[EventDate "2012.03.01"]
[EventType "tourn"]
[EventRounds "9"]
[EventCountry "DEN"]
[SourceTitle "EXT 2016"]
[Source "ChessBase"]
[SourceDate "2015.10.08"]
[SourceVersion "1"]
[SourceVersionDate "2015.10.08"]
[SourceQuality "1"]

1. c4 c5 2. g3 Nc6 3. Bg2 Nf6 4. Nc3 d6 5. Nf3 e5 6. d3 Be7 7. 0-0 0-0 8. a3 Bd7 9. Rb1 a5 10. Bg5 Re8 11. Ne1 h6 12. Bxf6 Bxf6 13. Nd5 Rb8 14. b4 axb4 15. axb4 Nxb4 16. Nxb4 cxb4 17. Rxb4 b5 18. cxb5 Rxb5 19. Rxb5 Bxb5 20. Qb3 Qd7 21. Bd5 Bc6 22. Ng2 Bxd5 23. Qxd5 Rc8 24. Ne3 Rc5 25. Qa8+ Qd8 26. Qxd8+ Bxd8 27. Ra1 Ba5 28. Nc4 Bc7 29. Ra8+ Kh7 30. Rc8 Kg6 31. e4 Kf6 32. f4 g6 33. Kf2 Ke6 34. Kf3 exf4 35. gxf4 d5 36. exd5+ Kxd5 37. Rh8 h5 38. Ne3+ Ke6 39. Re8+ Kd7 40. Rf8 Ke7 41. Rc8 Bd6 42. Rxc5 Bxc5 43. Nc4 Ke6 44. Ke4 Bg1 45. h3 f6 46. Nd2 Bb6 47. Nc4 Bc7 48. Ne3 g5 49. fxg5 fxg5 50. d4 Bf4 1/2-1/2

[Event "Copenhagen Bronshoj op"]
[Site "Copenhagen"]
[Date "2012.02.13"]
[Round "6"]
[White "Kirknel, Thomas"]
[Black "Nielsen, Klaus"]
[Result "1-0"]
[WhiteElo "2153"]
[BlackElo "2056"]
[PlyCount "81"]
[EventDate "2012.02.10"]
[EventType "swiss"]
[EventRounds "7"]
[EventCountry "DEN"]
[SourceTitle "EXT 2015"]
[Source "ChessBase"]
[SourceDate "2014.11.20"]
[SourceVersion "1"]
[SourceVersionDate "2014.11.20"]
[SourceQuality "1"]

1. e4 c5 2. Nf3 Nc6 3. d4 cxd4 4. Nxd4 g6 5. c4 Bg7 6. Be3 d6 7. Be2 Nf6 8. Nc3 0-0 9. 0-0 Bd7 10. f3 a5 11. Rc1 Nxd4 12. Bxd4 Bh6 13. Rc2 e5 14. Bf2 Bc6 15. Qd3 Qe7 16. Rd1 Rfd8 17. Bb6 Rd7 18. Nd5 Bxd5 19. cxd5 Nh5 20. Qa3 Qf6 21. Bb5 Re7 22. Rd3 Qh4 23. Bf2 Qg5 24. Qxd6 Nf4 25. Be3 Bf8 26. Qb6 f5 27. d6 Rg7 28. d7 Rd8 29. Qxb7 Qh4 30. g3 Nh3+ 31. Kg2 Qh5 32. Qd5+ Kh8 33. Qxe5 Ng5 34. Bd4 fxe4 35. fxe4 Qh3+ 36. Kg1 Qg4 37. Rc8 Nh3+ 38. Kg2 Qe2+ 39. Kxh3 h5 40. Rxd8 Qf1+ 41. Kh4 1-0